Matrix and Praxis of Nigerian Political Economy (Record no. 4327)

MARC details
000 -LEADER
fixed length control field 00390nam a22001457a 4500
008 - FIXED-LENGTH DATA ELEMENTS--GENERAL INFORMATION
fixed length control field 250716b |||||||| |||| 00| 0 eng d
020 ## - INTERNATIONAL STANDARD BOOK NUMBER
ISBN 9789789935246
100 ## - MAIN ENTRY--AUTHOR
Author Izu Iroro S.
245 ## - TITLE STATEMENT
Title Matrix and Praxis of Nigerian Political Economy
260 ## - PUBLICATION, DISTRIBUTION, ETC. (IMPRINT)
Place of publication N.P
Name of publisher Joyce Publishers
Date of publication 2021
300 ## - COLLATION
Pagination x, 184p.
650 ## - TRACINGS
Main Subject Economic, Political aspect
942 ## - ADDED ENTRY ELEMENTS (KOHA)
Item type Books
050 ## - LIBRARY OF CONGRESS CALL NUMBER
Classification number HC1055
Item number .I98
Holdings
Source of classification or shelving scheme Not for loan Permanent location Current location Date acquired Accession No. Full call number Barcode. Koha item type
Library of Congress Classification   Samuel Ogbemudia Main Library, University of Abuja Samuel Ogbemudia Main Library, University of Abuja 07/16/2025 2023/61725 HC1055.I98 2025-3095 Books